000 00664nam 22001933 4500
001 6084
090 _a6084
100 _a20251022d2005 u||y0pory50 ba
200 _aAlimentação saudável com o gang dos frescos
_fDireção-Geral da Saúde
_gReceitas de Chef Hernâni Ermida ; fot. Revelamos
210 _aSintra
_cLidl & Cia
_d2005?
215 _a33 p.
_cil.
300 _aPrograma Nacional para a Promoção da Alimentação Saudável
606 _9585
_aAlimentação
606 _929
_aPublicação para crianças
675 _a087.5
_vBN
_zpor
710 _95793
_aDireção-Geral da Saúde
801 _aPT
_bBEN2VN
_gRPC
830 _cTânia Croca
_d22/10/2025
990 _cLIVROS